Normal view
MARC view
- Japan
Entry Geographic Name
001 - CONTROL NUMBER
- control field: 102026
003 - CONTROL NUMBER IDENTIFIER
- control field: NUST
005 - DATE AND TIME OF LATEST TRANSACTION
- control field: 20221031151720.0
008 - FIXED-LENGTH DATA ELEMENTS
- fixed length control field: 221031|| aca||aabn | a|a d
040 ## - CATALOGING SOURCE
- Original cataloging agency: NUST
- Transcribing agency: NUST
151 ## - HEADING--GEOGRAPHIC NAME
- Geographic name: Japan
- General subdivision: Foreign relations
- Chronological subdivision: 1989--
670 ## - SOURCE DATA FOUND
- Source citation: Work cat.: (NUST)0: Drifte, Reinhard. 102022, Japan's quest for a permanent Security Council seat :, 2000.
